000 02312nam0a2200481 4500
001 RU\NLR\BIBL_A\011555778
005 20260408073729.0
021 _aRU
_b2017-77665
_95538
029 1 0 _aRU
_b57639-2017
_cГОСТ Р
029 1 0 _aRU
_b16730-1:2015
_cИСO
035 _a(RuMoRGB)009420477
035 _a(NLR Aleph) 011555778
090 _a12259573
_c12259573
100 _a20171211d2017 k y0rusy50 ca
101 0 _arus
102 _aRU
105 _aa l 000|y
200 1 _aПожарно-технический анализ
_hч. 1
_iВалидация и верификация методов расчета
_dFire safety engineering. Part 1. Validation and verification of calculation methods
_zeng
_eГОСТ Р 57639-2017
_eИСO 16730-1:2015
_fподготовлен "СИТИС" (ООО "СИТИС")
205 _aИзд. офиц.
210 _aМосква
_cСтандартинформ
_d2017
215 _aIV, 35 c.
_cил.
_d29
225 1 _aНациональный стандарт Российской Федерации
_fФедеральное агентство по техническому регулированию и метрологии
239 _aВвед. 01.06.2018
320 _aБиблиогр.: с. 34 (16 назв.)
510 1 _aFire safety engineering
_zeng
510 1 _aValidation and verification of calculation methods
_zeng
517 1 _aГОСТ Р 57639-2017
517 1 _aИСO 16730-1:2015
606 1 _aПожары
_jСтандарты
_xПрогнозирование обстановки
_91925720
_3RU\NLR\AUTH\66878883
610 0 _aизвещатель
610 0 _aмультикритерий
610 0 _aприбор
610 0 _aиспытания
675 _a62.004:006.354
686 _a13.220.01
_v2000
_2ОКС
686 1 _aН960.1я861
712 0 1 _4725
_aРоссийская Федерация
_bФедеральное агентство по техническому регулированию и метрологии
_3RU\NLR\AUTH\8810064304
_9630205
712 0 2 _4900
_a"СИТИС", общество с ограниченной ответственностью
_cМосква
_9581130
_3RU\NLR\AUTH\880459118
942 _cBOOK
980 _aNBR